[Event "1st Open"]
[Site "Illes Medes ESP"]
[Date "2006.12.30"]
[Round "4"]
[White "Moskalenko,V"]
[Black "Campos Moreno,J"]
[Result "1/2-1/2"]
[WhiteElo "2543"]
[BlackElo "2446"]

1.d4 Nf6 2.c4 e6 3.Nc3 Bb4 4.f3 d5 5.a3 Bxc3+ 6.bxc3 c5 7.cxd5 Nxd5 8.dxc5 f5
9.Nh3 O-O 10.c4 Qh4+ 11.Nf2 Qf6 12.Bg5 Qxg5 13.cxd5 exd5 14.Qxd5+ Kh8 15.Qd2 Qe7
16.Qd6 Qe8 17.e4 fxe4 18.Nxe4 Bf5 19.Bb5 Nc6 20.Bxc6 bxc6 21.O-O Rd8 22.Qf4 Bg6
23.Qe3 Qe5 24.Qc3 Qxc3 25.Nxc3 Rd3 26.Rac1 Kg8 27.Rfd1 Rfd8 28.Rxd3  1/2-1/2

[Event "ch-NZL 2006-7"]
[Site "Wanganui NZL"]
[Date "2007.01.02"]
[Round "1"]
[White "Wang Puchen"]
[Black "Smith,Ro"]
[Result "1/2-1/2"]
[WhiteElo "2290"]
[BlackElo "2293"]

1.d4 Nf6 2.c4 e6 3.Nc3 Bb4 4.f3 c5 5.d5 b5 6.e4 bxc4 7.Bxc4 Nxd5 8.Bxd5 exd5
9.Qxd5 Nc6 10.Ne2 Ba6 11.Be3 O-O 12.Kf2 Re8 13.Rhd1 Ne5 14.Nf4 Rb8 15.Kg1 Nc4
16.Bc1 Bxc3 17.bxc3 Qa5 18.Nd3 Qxc3 19.Bf4 d6 20.Rac1 Qd4+ 21.Qxd4 cxd4 22.Ne1 Rb2
23.Rxd4 Rc8 24.Nd3 Rb6 25.e5 g5 26.Bg3 dxe5 27.Nxe5 Nd6 28.Rcd1 Nf5 29.R4d2 Re6
30.f4 Bb5 31.Rb1 a6 32.Nf3 g4 33.Ne1 Rec6 34.Bf2  1/2-1/2

[Event "TCh-BEL 2006-7"]
[Site "Belgium BEL"]
[Date "2007.01.14"]
[Round "6"]
[White "Meessen,R"]
[Black "Jens,J"]
[Result "0-1"]
[WhiteElo "2315"]
[BlackElo "2371"]

1.d4 Nf6 2.c4 e6 3.Nc3 Bb4 4.f3 d5 5.a3 Bxc3+ 6.bxc3 c5 7.cxd5 Nxd5 8.Qd3 b6
9.e4 Ba6 10.Qd2 Bxf1 11.Kxf1 Ne7 12.Ne2 cxd4 13.cxd4 Nbc6 14.h4 Qd7 15.h5 h6
16.Rh3 f5 17.Rg3 fxe4 18.fxe4 Rf8+ 19.Kg1 Rf7 20.Bb2 Na5 21.Rf1 Nc4 22.Qb4 Rc8
23.Rxf7 Kxf7 24.d5 e5 25.Bc1 Ng8 26.Qb3 Nf6 27.Qf3 Nd6 28.Nc3 Rxc3 29.Qxc3 Ndxe4
30.Qxe5 Nxg3 31.Qxg3 Qxd5 32.Qc7+ Qd7 33.Qc4+ Qe6 34.Qc7+ Kf8 35.Bd2 a5 36.Qd8+ Kf7
37.Qc7+ Kg8 38.Qd8+ Kh7 39.Qd3+ Qe4 40.Qb3 Nd5 41.Qg3 Qf5 42.Qf3 Qxf3 43.gxf3 a4
44.Kf2 b5 45.Bc1 b4 46.axb4 Nxb4 47.Ke2 Nd5 48.Kd3 Nf6 49.Kc4 Nxh5 50.Kb4 Ng3
51.Kxa4 h5 52.Bf4 h4 53.Kb4 Nf1 54.Kc4 h3 55.Kd3 h2 56.Bxh2 Nxh2 57.Ke2 Kg6
58.Kf2 Kg5 59.Kg2 Kf4  0-1

[Event "ch-BLR"]
[Site "Minsk BLR"]
[Date "2007.01.14"]
[Round "5"]
[White "Aleksandrov,A"]
[Black "Podolchenko,E"]
[Result "1-0"]
[WhiteElo "2601"]
[BlackElo "2429"]

1.d4 e6 2.c4 Nf6 3.Nc3 Bb4 4.f3 c5 5.a3 Bxc3+ 6.bxc3 Nc6 7.e4 d6 8.Be3 b6
9.Bd3 e5 10.Ne2 Na5 11.Ng3 Ba6 12.Nf5 g6 13.Nh6 Nd7 14.O-O Qe7 15.f4 Rf8
16.fxe5 dxe5 17.Ng4 Nxc4 18.Bc1 h5 19.Nxe5 Ndxe5 20.dxe5 Qd7 21.Qe2 b5 22.Bxc4 bxc4
23.Bh6 Rh8 24.Rad1 Qc7 25.Bg7 Rh7 26.Bf6 h4 27.Rd6  1-0

[Event "ch-CUB Places"]
[Site "Santa Clara CUB"]
[Date "2007.01.30"]
[Round "4"]
[White "Hernandez,Hold"]
[Black "Quezada,Y"]
[Result "1/2-1/2"]
[WhiteElo "2543"]
[BlackElo "2515"]

1.d4 Nf6 2.c4 e6 3.Nc3 Bb4 4.f3 d5 5.a3 Bxc3+ 6.bxc3 c5 7.cxd5 Nxd5 8.dxc5 Qa5
9.e4 Nc7 10.Be3 O-O 11.Qb3 e5 12.Bc4 Be6 13.Ne2 Nba6 14.Rc1 Rac8 15.c6 bxc6
16.Bxe6 Nxe6 17.O-O Rb8 18.Qc4 Nac5 19.a4 Qxa4 20.Qxa4 Nxa4 21.Ra1 Rb2 22.Rf2 Nac5
23.Nc1 Rb7 24.Rfa2 Rd8 25.Rxa7 Rd1+ 26.Kf2 Rb2+ 27.Kg3 h6 28.Ra8+ Kh7 29.R8a2 Rxa2
30.Rxa2 Nd3 31.Ne2 Kg6 32.Rd2 Rxd2 33.Bxd2 f5 34.exf5+ Kxf5 35.Nc1  1/2-1/2

[Event "Open"]
[Site "Moscow RUS"]
[Date "2007.01.31"]
[Round "5"]
[White "Konovalov,N"]
[Black "Egorov,D1"]
[Result "1-0"]
[WhiteElo "2463"]
[BlackElo "2305"]

1.d4 Nf6 2.c4 e6 3.Nc3 Bb4 4.f3 O-O 5.a3 Bxc3+ 6.bxc3 b6 7.e4 d6 8.Bd3 Nc6
9.f4 e5 10.Nf3 exd4 11.cxd4 Bg4 12.d5 Nd4 13.Bb2 Bxf3 14.gxf3 c5 15.dxc6 Nxc6
16.Rg1 g6 17.Qd2 Nh5 18.Rg5 Ng7 19.f5 Ne5 20.Be2 Rc8 21.Rc1 h6 22.Rg3 g5
23.h4 f6 24.f4 gxf4 25.Qxf4 Kh7 26.Kf2 Qe8 27.Qe3 Rc7 28.Rcg1 Qc6 29.Bxe5 fxe5
30.Rg6 Qc5 31.Rxh6+ Kg8 32.Qxc5 bxc5 33.Rhg6 Kh7 34.Rd1 Rff7 35.Rdxd6 Rb7
36.h5 Rb2 37.h6 Nh5  1-0

[Event "FSGM February"]
[Site "Budapest HUN"]
[Date "2007.02.07"]
[Round "5"]
[White "Ilincic,Z"]
[Black "Bodiroga,P"]
[Result "1/2-1/2"]
[WhiteElo "2451"]
[BlackElo "2431"]

1.d4 Nf6 2.c4 e6 3.Nc3 Bb4 4.f3 d5 5.a3 Bxc3+ 6.bxc3 c5 7.e3 O-O 8.cxd5 exd5
9.Bd3 b6 10.Ne2 Ba6 11.Bxa6 Nxa6 12.O-O Nc7 13.Ng3 Nb5 14.Qd3 Qd7 15.dxc5 bxc5
16.c4 dxc4 17.Qxc4 Rfc8 18.Bb2 Nd6 19.Qc2 Qe6 20.e4 Nb5 21.a4 Nd4 22.Bxd4 cxd4
23.Qd2 Rc4 24.Rfc1 Rac8 25.Ne2 Rxc1+ 26.Rxc1 Rxc1+ 27.Nxc1  1/2-1/2

[Event "Aeroflot Open"]
[Site "Moscow RUS"]
[Date "2007.02.15"]
[Round "2"]
[White "Harika,D"]
[Black "Sadvakasov,D"]
[Result "1/2-1/2"]
[WhiteElo "2421"]
[BlackElo "2615"]

1.d4 Nf6 2.c4 e6 3.Nc3 Bb4 4.f3 d5 5.a3 Bxc3+ 6.bxc3 c5 7.cxd5 Nxd5 8.dxc5 Qa5
9.e4 Ne7 10.Be3 O-O 11.Qb3 Nbc6 12.Bb5 e5 13.Ne2 Qc7 14.Rd1 Na5 15.Qa4 Be6
16.Nc1 b6 17.cxb6 axb6 18.Qb4 Nec6 19.Bxc6 Qxc6 20.Qxb6 Qxc3+ 21.Bd2 Qxa3
22.Bxa5 Rfb8 23.Qf2 Qxa5+ 24.Qd2 Qb6 25.Qf2 Qb5 26.Qe3 Qa5+ 27.Kf2 Rb2+ 28.Kg3 f5
29.exf5 Bxf5 30.Ne2 e4 31.Ra1 Qd8 32.Rxa8 Qxa8 33.Rd1 h6 34.Rd2 Qb8+ 35.Kf2 Rxd2  1/2-1/2

[Event "OCF Winter NAO FIDE Op"]
[Site "Stillwater USA"]
[Date "2007.02.18"]
[Round "3"]
[White "Braunlich,T"]
[Black "Panchanathan,M"]
[Result "0-1"]
[WhiteElo "2204"]
[BlackElo "2466"]

1.d4 Nf6 2.c4 e6 3.Nc3 Bb4 4.f3 d5 5.a3 Bxc3+ 6.bxc3 c5 7.e3 O-O 8.Bd3 Qc7
9.cxd5 cxd4 10.cxd4 Qc3+ 11.Qd2 Qxa1 12.Ne2 b6 13.O-O Ba6 14.Bxa6 Nxa6 15.Nc3 Nxd5
16.Bb2 Qxf1+ 17.Kxf1 Nxc3 18.Qxc3 Rac8 19.Qd3 Nc7 20.e4 Rfd8 21.Ke2 Ne8 22.Qb3 Nd6
23.a4 h6 24.g3 Nc4 25.Bc3 Rc7 26.Kd3 Ne5+ 27.Ke2 Rdc8 28.Bd2 Nc6 29.Bc3 Rd7
30.Qb2 Rdc7 31.Qa1 Ne5 32.Bd2 Rc2 33.Qd1 Ra2 34.dxe5 Rd8 35.h4 h5 36.Ke3 Raxd2
37.Qc1 R8d3+ 38.Kf4 Rf2 39.Qc8+ Kh7  0-1

[Event "Aeroflot Open"]
[Site "Moscow RUS"]
[Date "2007.02.21"]
[Round "8"]
[White "Harika,D"]
[Black "Volokitin,And"]
[Result "1/2-1/2"]
[WhiteElo "2421"]
[BlackElo "2645"]

1.d4 Nf6 2.c4 e6 3.Nc3 Bb4 4.f3 c5 5.d5 O-O 6.e4 d6 7.Ne2 b5 8.Nf4 exd5 9.Nxd5 Nxd5
10.Qxd5 Qb6 11.Bd2 Be6 12.Qxa8 bxc4 13.a3 Ba5 14.b4 cxb3 15.Nd5 Bxd2+ 16.Kxd2 Qa5+
17.Ke3 Nd7 18.Qc6 Bxd5 19.Qxd7 Qc3+ 20.Bd3 Qd4+ 21.Ke2 c4 22.exd5 Qxd3+ 23.Kf2 c3
24.Rae1 c2 25.Re8 Qd2+ 26.Kg3 Qg5+ 27.Kf2 Qd2+ 28.Kg3 g6 29.Rxf8+ Kxf8 30.Qxd6+ Kg7
31.Qe5+ Kh6 32.d6 b2 33.Qxb2 Qg5+ 34.Kf2 Qd2+ 35.Kg3 Qg5+  1/2-1/2

[Event "Bundesliga 2006-7"]
[Site "Tegernsee GER"]
[Date "2007.02.24"]
[Round "10"]
[White "Khenkin,I"]
[Black "Socko,B"]
[Result "1/2-1/2"]
[WhiteElo "2611"]
[BlackElo "2629"]

1.d4 Nf6 2.c4 e6 3.Nc3 Bb4 4.f3 O-O 5.a3 Bxc3+ 6.bxc3 Ne8 7.e4 b6 8.Nh3 Ba6
9.Bd3 Nc6 10.O-O Na5 11.Qe2 c5 12.Ra2 d6 13.Rc2 e5 14.f4  1/2-1/2

[Event "Interclubes Paulista"]
[Site "Sao Paulo BRA"]
[Date "2007.02.25"]
[Round "4"]
[White "Rabinovich,Al"]
[Black "Tsuboi,E"]
[Result "1/2-1/2"]
[WhiteElo "2423"]
[BlackElo "2356"]

1.d4 Nf6 2.c4 e6 3.Nc3 Bb4 4.f3 d5 5.a3 Bxc3+ 6.bxc3 c5 7.cxd5 Nxd5 8.dxc5 f5
9.c4 Qh4+ 10.g3 Qxc4 11.e4 Qc3+ 12.Bd2 Qe5 13.Rc1 Nc6 14.Rc4 fxe4 15.fxe4 Nd4
16.Bg2 O-O 17.Nh3 Nc6 18.Ng5 Nf6 19.O-O Qc7 20.e5 Nxe5 21.Bf4 h6 22.Qe2 hxg5
23.Bxe5 Qf7 24.c6 bxc6 25.Rxc6 Bd7 26.Rc7 Rac8 27.Rxa7 Bb5 28.Qe3 Qg6 29.Re1 Bc6
30.Bd6 Rfe8 31.Bxc6 Rxc6 32.Be5 Rc2 33.Bxf6 Qxf6 34.Rf1 Qb2 35.Rf2 Rxf2 36.Qxf2 Qc1+
37.Qf1  1/2-1/2

[Event "FSGM March"]
[Site "Budapest HUN"]
[Date "2007.03.04"]
[Round "2"]
[White "Toth,E"]
[Black "Berczes,D"]
[Result "0-1"]
[WhiteElo "2283"]
[BlackElo "2433"]

1.d4 Nf6 2.c4 e6 3.Nc3 Bb4 4.f3 d5 5.a3 Bxc3+ 6.bxc3 c6 7.e3 O-O 8.Bd3 Nbd7
9.Ne2 e5 10.cxd5 cxd5 11.dxe5 Nxe5 12.O-O Re8 13.Rb1 Qc7 14.Qc2 Bd7 15.Nd4 b6
16.Be2 Nc4 17.Bxc4 Qxc4 18.Rb4 Qc7 19.Bd2 Rac8 20.Rfb1 Re5 21.Rc1 Rh5 22.g3 Ne8
23.Be1 Re5 24.Qd3 Nd6 25.g4 Rce8 26.Nc2 h5 27.Bg3 hxg4 28.Bxe5 Rxe5 29.f4 Rh5
30.Nd4 Rh3 31.Rb2 Nc4 32.Re2 Qd6 33.Rf1 Qh6 34.Rff2 Nd6 35.Rg2 Ne4 36.c4 Qxf4
37.cxd5 Qe5 38.Nc2 Ng5 39.Kf1 Nf3 40.Nd4 Nxh2+ 41.Ke1 Nf3+ 42.Kd1 Qxd5 43.Kc1 Ne1
44.Rxe1 Qxg2 45.Qc4 Rh2 46.Nc2 Qd2+ 47.Kb1 Be6 48.Qc6 Qd5  0-1

[Event "FSGM March"]
[Site "Budapest HUN"]
[Date "2007.03.06"]
[Round "4"]
[White "Toth,E"]
[Black "Caruana,F"]
[Result "0-1"]
[WhiteElo "2283"]
[BlackElo "2492"]

1.d4 Nf6 2.c4 e6 3.Nc3 Bb4 4.f3 d5 5.a3 Bxc3+ 6.bxc3 c5 7.cxd5 exd5 8.e3 Qc7
9.Ne2 O-O 10.g4 Re8 11.Bg2 h6 12.O-O b6 13.Rf2 Ba6 14.Nf4 Nc6 15.h4 Rad8
16.g5 hxg5 17.hxg5 Nh7 18.e4 Bc4 19.e5 cxd4 20.cxd4 Nxg5 21.Nh5 Nh7 22.f4 g6
23.Ng3 f5 24.a4 Nf8 25.Bh3 Re7 26.Bxf5 gxf5 27.Nxf5 Rh7 28.Rg2+ Kh8 29.Qg4 Qf7
30.Nh4 Rg7 31.Qh3 Rxg2+ 32.Kxg2 Nh7 33.Ra3 Rg8+ 34.Rg3 Ne7 35.f5 Rxg3+ 36.Kxg3 Bd3
37.f6 Nf5+ 38.Kf2 Qh5 39.Ng6+ Qxg6 40.Qxd3 Qg4 41.Be3 Qh3 42.Qc3 Qxe3+ 43.Qxe3 Nxe3
44.Kxe3 Kg8 45.Kf4 Kf7 46.Kf5 Nf8 47.e6+ Nxe6 48.Ke5 Nc7 49.Kd6 a6  0-1

[Event "Victor Ciocaltea Mem"]
[Site "Bucharest ROM"]
[Date "2007.03.09"]
[Round "4"]
[White "Jianu,V"]
[Black "Ivanov,Al3"]
[Result "0-1"]
[WhiteElo "2498"]
[BlackElo "2458"]

1.d4 Nf6 2.c4 e6 3.Nc3 Bb4 4.f3 c5 5.d5 b5 6.e4 O-O 7.Bd3 bxc4 8.Bxc4 Nxd5
9.Bxd5 exd5 10.Qxd5 Nc6 11.a3 Bxc3+ 12.bxc3 Qh4+ 13.g3 Qf6 14.Ne2 Ba6 15.f4 Bxe2
16.Kxe2 Qxc3 17.Be3 Nd4+ 18.Bxd4 cxd4 19.Kf2 Qd2+ 20.Kf3 Rac8 21.Ra2 Rc3+
22.Kg4 Qd3 23.Rf2 Rfc8 24.Re1 h5+ 25.Qxh5 R3c5 26.e5 R8c6 27.f5 Qc3 28.Re4 Qd3
29.Kf4 Qxa3 30.Qh4 Qc1+ 31.Kg4 Qd1+ 32.Kf4 Qc1+ 33.Kg4 Rh6 34.Qd8+ Kh7 35.Qxd7 Qd1+
36.Kf4 d3 37.Qxf7 Qc1+ 38.Re3 d2 39.Rxd2 Qxd2 40.f6 Qf2+ 41.Ke4 Rxe5+  0-1

[Event "TCh-FIN 2006-7"]
[Site "Helsinki FIN"]
[Date "2007.03.10"]
[Round "8"]
[White "Lampen,T"]
[Black "Polaczek,R"]
[Result "1/2-1/2"]
[WhiteElo "2329"]
[BlackElo "2423"]

1.d4 e6 2.c4 Nf6 3.Nc3 Bb4 4.f3 d5 5.a3 Bxc3+ 6.bxc3 c5 7.cxd5 Nxd5 8.dxc5 f5
9.Nh3 O-O 10.Nf4 Nc6 11.Nxd5 exd5 12.e3 Be6 13.Rb1 Qc7 14.Be2 Rac8 15.O-O Na5
16.Qa4 Rfd8 17.Rd1 b6 18.cxb6 axb6 19.Qb4 Rb8 20.Bd2 Nc4 21.Bxc4 Qxc4 22.Be1 Rdc8
23.Bg3 Rb7 24.Be5 Qc6 25.Bd4 Ra8 26.Rd2 Ra4 27.Qb3 b5 28.Rdb2 Qa6 29.Bc5 Rc4
30.Bd4 Ra4 31.Bc5 Rc4 32.Bd4 Ra4  1/2-1/2

[Event "TCh-FIN 2006-7"]
[Site "Helsinki FIN"]
[Date "2007.03.10"]
[Round "8"]
[White "Nyback,T"]
[Black "Veingold,A"]
[Result "1-0"]
[WhiteElo "2604"]
[BlackElo "2459"]

1.d4 Nf6 2.c4 e6 3.Nc3 Bb4 4.f3 d5 5.a3 Bxc3+ 6.bxc3 c5 7.cxd5 Nxd5 8.dxc5 Qa5
9.e4 Nc7 10.Qd4 f6 11.f4 Nc6 12.Qc4 e5 13.f5 b6 14.cxb6 Qxb6 15.Qa2 Rb8 16.Bd3 Ba6
17.Rb1 Qa5 18.Rxb8+ Nxb8 19.Bxa6 Nbxa6 20.Ne2 Nc5 21.Be3 Nxe4 22.Qc4 Nd6
23.Qc6+ Ke7 24.O-O Rd8 25.Rd1 Na6 26.Bxa7 Qxa3 27.Bb6 Rd7 28.Qd5 Nc7 29.Bxc7 Qa7+
30.Nd4 Qxc7 31.Nc6+ Kf8 32.c4 Ne4 33.Qxd7 Qb6+ 34.Nd4 Nc3 35.Qc8+ Ke7 36.c5  1-0

[Event "Rector Cup w"]
[Site "Kharkiv UKR"]
[Date "2007.03.29"]
[Round "3"]
[White "Nikolaeva,A1"]
[Black "Karlovich,A"]
[Result "1/2-1/2"]
[WhiteElo "2238"]
[BlackElo "2265"]

1.d4 Nf6 2.c4 e6 3.Nc3 Bb4 4.f3 c5 5.a3 Bxc3+ 6.bxc3 d5 7.e3 Nc6 8.cxd5 exd5
9.Bd3 O-O 10.Ne2 Re8 11.O-O Bd7 12.Ng3 Rc8  1/2-1/2

[Event "8th ch-Euro"]
[Site "Dresden GER"]
[Date "2007.04.04"]
[Round "2"]
[White "Volkov,Sergey"]
[Black "Pashikian,A"]
[Result "1-0"]
[WhiteElo "2636"]
[BlackElo "2532"]

1.d4 Nf6 2.c4 e6 3.Nc3 Bb4 4.f3 O-O 5.a3 Bxc3+ 6.bxc3 Ne8 7.e4 b6 8.Bd3 Ba6
9.Nh3 Nc6 10.O-O Na5 11.Qe2 c5 12.e5 f6 13.Bf4 cxd4 14.cxd4 Rc8 15.Rac1 Kh8
16.c5 Bxd3 17.Qxd3 Nc6 18.exf6 Qxf6 19.cxb6 axb6 20.d5 exd5 21.Qxd5 Qf5 22.Qxf5 Rxf5
23.Rfd1 Nf6 24.Bg5 Rc5 25.Bxf6 gxf6 26.Rb1 b5 27.Rxd7 Ne5 28.Rb7 Rg8 29.Kh1 Nd3
30.R7xb5 Rc2 31.Rg1 Ra8 32.Rb3 Rd2 33.Rgb1 Kg7 34.Rc3 Rb8 35.Rg1 Rbb2 36.Rc7+ Kh6
37.Rc4 Ra2 38.a4 Kg7 39.Rg4+ Kf7 40.Rc4 Kg7 41.Rh4 Kg8 42.Rc4 Kg7 43.Rc7+ Kh6
44.Ra7 Kg6 45.a5 Kh6 46.Ra8 Kg7 47.a6 Kh6 48.a7 Kg7 49.f4 Ra5 50.Rb1 Raa2
51.f5 Ra4 52.Kg1 Ra5 53.Rd8 Rxa7 54.Nf4 Ra3 55.Ne6+ Kh6 56.Rd4 Kh5 57.g3  1-0

[Event "XXXIV Open"]
[Site "La Roda ESP"]
[Date "2007.04.04"]
[Round "1"]
[White "Hernandez Carmenates,Hold"]
[Black "Vieito Soria,L"]
[Result "1-0"]
[WhiteElo "2541"]
[BlackElo "2008"]

1.d4 Nf6 2.c4 e6 3.Nc3 Bb4 4.f3 d5 5.a3 Bxc3+ 6.bxc3 c5 7.cxd5 exd5 8.e3 Nc6
9.Bd3 c4 10.Bc2 O-O 11.Ne2 Re8 12.O-O b5 13.Qe1 a6 14.Qh4 Ne7 15.Qf2 Bf5
16.Ng3 Bxc2 17.Qxc2 Ng6 18.e4 h6 19.e5 Nh7 20.f4 Ra7 21.f5 Nh8 22.Qe2 Qb6
23.Qg4 Rxe5 24.Bxh6 Qxh6 25.dxe5 Qe3+ 26.Kh1 Qxe5 27.Rae1 Qxc3 28.Re8+ Nf8
29.f6 Ng6 30.Rxf8+  1-0

[Event "Kaupthing IM"]
[Site "Reykjavik ISL"]
[Date "2007.04.04"]
[Round "1"]
[White "Asgeirsson,H"]
[Black "Bergsson,Sn"]
[Result "1/2-1/2"]
[WhiteElo "2180"]
[BlackElo "2296"]

1.d4 Nf6 2.c4 e6 3.Nc3 Bb4 4.f3 O-O 5.a3 Bxc3+ 6.bxc3 Ne8 7.e4 Nc6 8.Nh3 b6
9.e5 Ba6 10.Bd3 Qh4+ 11.Nf2 f6 12.f4 fxe5 13.g3 Qe7 14.fxe5 Na5 15.Qe2 Bb7
16.O-O Nb3 17.Rb1 Nxc1 18.Rbxc1 Rd8 19.Qc2 g6 20.Ng4 Bf3 21.Nf6+ Nxf6 22.Rxf3 Nh5
23.Rcf1 Rxf3 24.Rxf3 Ng7 25.a4 Rf8 26.Qf2  1/2-1/2

[Event "ch-Catalonia"]
[Site "Barcelona ESP"]
[Date "2007.04.06"]
[Round "6"]
[White "Moskalenko,V"]
[Black "Benitez Perez,J"]
[Result "1-0"]
[WhiteElo "2539"]
[BlackElo "2076"]

1.d4 Nf6 2.c4 e6 3.Nc3 Bb4 4.f3 d5 5.a3 Bxc3+ 6.bxc3 h6 7.cxd5 exd5 8.e3 O-O
9.Bd3 Re8 10.Ne2 b6 11.O-O Ba6 12.Bxa6 Nxa6 13.Qd3 Qc8 14.Ng3 c5 15.e4 cxd4
16.cxd4 Qc4 17.Qxc4 dxc4 18.Nf5 Red8 19.Bf4 Rd7 20.Rfc1 Rc8 21.d5 b5 22.Nd6 Nh5
23.Be5 Rc5 24.Nf5 f6 25.Bd4 Nf4 26.Rc2 Nd3 27.Rb1 Rb7 28.Nd6 Rb8 29.Bxc5  1-0

[Event "8th ch-Euro"]
[Site "Dresden GER"]
[Date "2007.04.07"]
[Round "5"]
[White "Volke,K"]
[Black "Mastrovasilis,A"]
[Result "1/2-1/2"]
[WhiteElo "2490"]
[BlackElo "2543"]

1.d4 Nf6 2.c4 e6 3.Nc3 Bb4 4.f3 d6 5.e4 O-O 6.a3 Bxc3+ 7.bxc3 e5 8.Bd3 Ne8
9.Ne2 f5 10.exf5 Bxf5 11.Bxf5 Rxf5 12.Ng3 Rf7 13.O-O Nc6 14.Rb1 Rb8 15.f4 exd4
16.cxd4 d5 17.c5 Nf6 18.f5 Qd7 19.Bf4 b6 20.Qa4 Na5 21.Qc2 Nc4 22.Rf3 Re8
23.h3 Ne4 24.cxb6 axb6 25.Re1 Nxg3 26.Rxe8+ Qxe8 27.Bxg3 Qe4 28.Qxe4 dxe4
29.Rc3 b5 30.d5 Rxf5 31.a4 Rxd5 32.axb5 Nd2 33.Bf4 Nb1 34.Rxc7 Rxb5 35.Rc4 Rb7
36.Rxe4 Nc3 37.Rc4 Ne2+ 38.Kf2 Nxf4  1/2-1/2

[Event "FSIMA April"]
[Site "Budapest HUN"]
[Date "2007.04.13"]
[Round "7"]
[White "Galyas,M"]
[Black "Gauri,S"]
[Result "1-0"]
[WhiteElo "2444"]
[BlackElo "2126"]

1.d4 Nf6 2.c4 e6 3.Nc3 Bb4 4.f3 d5 5.a3 Bxc3+ 6.bxc3 c5 7.cxd5 Nxd5 8.dxc5 Qa5
9.e4 Ne7 10.Be3 Nd7 11.Qb3 O-O 12.Bb5 Qc7 13.Bxd7 Bxd7 14.Ne2 Rad8 15.O-O Bc6
16.Rfd1 Rxd1+ 17.Rxd1 Rd8 18.Bf4 Rxd1+ 19.Qxd1 Qd7 20.Qd6 Nc8 21.Qd4 f6 22.Bb8 e5
23.Qxd7 Bxd7 24.Kf2 Bb5 25.Ng1 Kf7 26.g3 Ke6 27.f4 exf4 28.gxf4 f5 29.Nf3 Bd7
30.Ng5+ Ke7 31.Nxh7 fxe4 32.Ng5 Bf5 33.Ke3 g6 34.Nxe4 Bxe4 35.Kxe4 Ke6 36.Bd6 a6
37.h4 Na7 38.f5+ gxf5+ 39.Kf4 Nb5 40.h5 Nxc3 41.h6 Nd5+ 42.Kg5 Kf7 43.Be5 Ne7
44.h7 Ng6 45.Kxf5 Ne7+ 46.Ke4 Ng6 47.Kd5 Ke7 48.h8=Q Nxh8 49.Bxh8 Kd7 50.Be5 a5
51.a4 Kd8 52.Bc3  1-0

[Event "FSIMA April"]
[Site "Budapest HUN"]
[Date "2007.04.17"]
[Round "11"]
[White "Galyas,M"]
[Black "Petran,Pa"]
[Result "1-0"]
[WhiteElo "2444"]
[BlackElo "2389"]

1.d4 Nf6 2.c4 e6 3.Nc3 Bb4 4.f3 Nc6 5.e4 d5 6.cxd5 exd5 7.e5 Ng8 8.Be3 Nge7
9.f4 Bf5 10.Nf3 Ba5 11.Be2 Be4 12.O-O Nf5 13.Bf2 Bb6 14.Ng5 Ncxd4 15.Ngxe4 dxe4
16.Nxe4 Nxe2+ 17.Qxe2 Qe7 18.Rad1 O-O 19.Bxb6 axb6 20.Rd3 Rad8 21.Rh3 f6
22.Qh5 g6 23.exf6 gxh5 24.fxe7 Nxe7 25.Rxh5 Rd4 26.Ng5 Rdxf4 27.Rxf4 Rxf4
28.Rxh7 Nd5 29.Rd7 Rf5 30.h4  1-0

[Event "9th Open"]
[Site "Dubai UAE"]
[Date "2007.04.25"]
[Round "4"]
[White "Nyazi,N"]
[Black "Bakre,T"]
[Result "1/2-1/2"]
[WhiteElo "2216"]
[BlackElo "2426"]

1.d4 Nf6 2.c4 e6 3.Nc3 Bb4 4.f3 O-O 5.a3 Bxc3+ 6.bxc3 Ne8 7.e4 b6 8.Bd3 Ba6
9.Nh3 Nc6 10.O-O Na5 11.Qe2 Nb3 12.Rb1 Nxc1 13.Rbxc1 c5 14.e5 d5 15.f4 h6
16.f5 exf5 17.e6 Qe7 18.cxd5 Bxd3 19.Qxd3 fxe6 20.Rce1 cxd4 21.dxe6 Nc7 22.Re5 Rae8  1/2-1/2

[Event "TCh-RUS HL"]
[Site "Sochi RUS"]
[Date "2007.05.03"]
[Round "1"]
[White "Konovalov,N"]
[Black "Pogosian,G"]
[Result "1-0"]
[WhiteElo "2445"]
[BlackElo "2251"]

1.d4 e6 2.c4 Nf6 3.Nc3 Bb4 4.f3 O-O 5.e4 d5 6.e5 Nfd7 7.a3 Bxc3+ 8.bxc3 f6
9.exf6 Nxf6 10.Bd3 Nc6 11.Ne2 e5 12.O-O exd4 13.cxd4 dxc4 14.Bxc4+ Kh8 15.a4 Nd5
16.Qd2 Nce7 17.Ba3 c6 18.Bxd5 cxd5 19.Nc3 Rf7 20.Rfe1 Ng6 21.Nb5 Bd7 22.Nd6 Rf4
23.Qxf4 Nxf4 24.Nf7+ Kg8 25.Nxd8 Rxd8 26.a5 Ne6 27.Rab1 Bc8 28.Bc5 a6 29.Rbc1 Kf7
30.Bb6 Re8 31.Re5 g5 32.Rce1 Bd7 33.Rxd5 Bc6 34.Rf5+ Kg6 35.Rfe5 Ng7 36.d5 Bb5
37.Rxe8 Nxe8 38.Re7 Nf6 39.d6 Nd7 40.Bd4 Bc6 41.Rg7+ Kh6 42.g4 Bb5 43.h4 gxh4
44.Rg8  1-0

[Event "Mitropa Cup Men"]
[Site "Szeged HUN"]
[Date "2007.05.08"]
[Round "1"]
[White "Kraemer,Mart"]
[Black "Michalik,P"]
[Result "1-0"]
[WhiteElo "2424"]
[BlackElo "2311"]

1.d4 Nf6 2.c4 e6 3.Nc3 Bb4 4.f3 d5 5.a3 Bxc3+ 6.bxc3 O-O 7.cxd5 exd5 8.e3 b6
9.Bd3 Ba6 10.Ne2 Bxd3 11.Qxd3 Re8 12.O-O c5 13.Ng3 Nc6 14.Bb2 c4 15.Qe2 h5
16.Rae1 b5 17.Qc2 h4 18.Nf5 h3 19.gxh3 g6 20.Ng3 Kg7 21.e4 Rh8 22.Qg2 Nh5
23.Bc1 Ne7 24.f4 dxe4 25.f5 Nxg3 26.f6+ Kg8 27.fxe7 Qxe7 28.hxg3 Re8 29.Rf4 f5
30.g4 Qh4 31.Re3 Kg7 32.Rg3  1-0

[Event "FSIM May"]
[Site "Budapest HUN"]
[Date "2007.05.09"]
[Round "5"]
[White "Galyas,M"]
[Black "Sankalp,M"]
[Result "1-0"]
[WhiteElo "2444"]
[BlackElo "2164"]

1.d4 Nf6 2.c4 e6 3.Nc3 Bb4 4.f3 d5 5.a3 Bxc3+ 6.bxc3 h6 7.cxd5 exd5 8.e3 Bf5
9.Ne2 Nbd7 10.Ng3 Bh7 11.Bd3 Bxd3 12.Qxd3 O-O 13.O-O c5 14.Rb1 b6 15.Bb2 Re8
16.Rbe1 Rc8 17.e4 dxe4 18.fxe4 Ne5 19.Qd1 Nc4 20.Bc1 cxd4 21.cxd4 Rc7 22.e5 Nd5
23.Nf5 Rc6 24.Qf3 Ree6 25.Nd6 Nxd6 26.Qxd5 Qe8 27.Qb3 Rc8 28.Bf4 Nc4 29.d5 Re7
30.Qg3 Kh8 31.Kh1 b5 32.Qh3 Kg8 33.Re4 Qf8 34.Bxh6 gxh6 35.e6 f6 36.Rg4+ Kh7
37.Qd3+ Kh8 38.Rgf4 Ne5 39.Qd2 Kg7 40.Qf2 Kh7 41.Rxf6 Qg7 42.Qf5+ Ng6 43.d6 Rxe6
44.Qxe6 Rf8 45.Rxf8 Nxf8 46.Qe7 Nd7 47.Rf7  1-0

[Event "25th Liechtenstein Open"]
[Site "Triesen LIE"]
[Date "2007.05.11"]
[Round "1"]
[White "Vijayalakshmi,S"]
[Black "Ladner,P"]
[Result "1-0"]
[WhiteElo "2424"]
[BlackElo "2030"]

1.d4 e6 2.c4 Nf6 3.Nc3 Bb4 4.f3 d5 5.a3 Bxc3+ 6.bxc3 b6 7.cxd5 exd5 8.e3 O-O
9.Bd3 Ba6 10.Ne2 c5 11.O-O cxd4 12.cxd4 Bxd3 13.Qxd3 Re8 14.Ng3 Nc6 15.Bd2 Re6
16.Rfc1 Rc8 17.a4 Qe8 18.Nf1 Nb8 19.a5 Rxc1 20.Rxc1 Rc6 21.Ra1 a6 22.axb6 Rxb6
23.Be1 Qc6 24.Qa3 Qb7 25.Bh4 h6 26.Rc1 Nbd7 27.Qe7 Re6 28.Qd8+ Re8 29.Qa5 Rc8
30.Ra1 Ra8 31.h3 Ne8 32.Bg3 Nef6 33.Nd2 Qc6 34.Nb3 Rb8 35.Bxb8  1-0

[Event "Mitropa Cup Men"]
[Site "Szeged HUN"]
[Date "2007.05.13"]
[Round "6"]
[White "Kraemer,Mart"]
[Black "Brunello,S"]
[Result "1/2-1/2"]
[WhiteElo "2424"]
[BlackElo "2454"]

1.d4 Nf6 2.c4 e6 3.Nc3 Bb4 4.f3 d5 5.a3 Bxc3+ 6.bxc3 c5 7.cxd5 Nxd5 8.Qd3 Nc6
9.e4 Nf6 10.Be3 O-O 11.Qd2 Qa5 12.Bd3 Rd8 13.Ne2 b6 14.Ra2 Ba6 15.Bxa6 Qxa6
16.O-O Ne8 17.a4 Na5 18.Rd1 Qc4 19.Raa1 Rac8 20.Qa2 Nd6 21.Kf2 Qxa2 22.Rxa2 Ndc4
23.Rb1 Nxe3 24.Kxe3 Kf8 25.Rb5 Ke7 26.Kd3 Rc7 27.Rc2 Nb3 28.Rb2 cxd4 29.R2xb3 dxc3+
30.Ke3 c2 31.Rd3 Rxd3+ 32.Kxd3 c1=Q 33.Nxc1 Rxc1 34.a5 Rc6 35.axb6 axb6 36.h4 Kd7
37.g4 Rd6+ 38.Kc4 Kc6 39.Rh5 h6 40.g5 b5+ 41.Kc3 Rd8 42.gxh6 g6 43.Re5 Rh8
44.h5 Rxh6 45.hxg6 Rxg6 46.Kb4 Rg3 47.Rc5+ Kd7 48.Rxb5 Rxf3 49.Kc4 f6 50.Rb6 Re3
51.Kd4 Ra3 52.Rb7+ Ke8 53.Rc7 Kf8 54.Rb7 Ke8 55.Rc7 Ra1 56.Rb7 Rd1+ 57.Ke3 Rd7
58.Rb6 Kf7 59.Kf4 Rc7 60.Rb3 Rc1 61.Rb7+ Kg6 62.Rb2 Rc3 63.Rg2+ Kf7 64.Ra2 e5+
65.Kg4 Kg6 66.Re2 Rc1 67.Kf3 Rf1+ 68.Ke3 Rg1 69.Kf3 Kg5 70.Ra2 Rf1+ 71.Ke3 Rh1
72.Rg2+ Kh5 73.Rg8 Rh3+ 74.Kf2 Rb3 75.Rg7 Ra3 76.Rg8 Rh3 77.Rg7 Rh4 78.Kf3 Rf4+
79.Ke3 Rg4 80.Rh7+ Kg6 81.Rh8 Rg3+ 82.Kf2 Rd3 83.Ke2 Rc3 84.Rg8+ Kf7 85.Ra8 Rc6
86.Ke3 Ke6 87.Re8+ Kd6 88.Rf8 Kc5 89.Kd3 Rd6+ 90.Ke3 Kb5 91.Rb8+ Rb6 92.Rc8 Rc6
93.Rb8+ Kc4 94.Rb7 Kc3 95.Rb8 Kc2 96.Rd8 Kc1 97.Rd7 Rc2 98.Rd6  1/2-1/2

[Event "25th Liechtenstein Open"]
[Site "Triesen LIE"]
[Date "2007.05.13"]
[Round "3"]
[White "Kantorik,M"]
[Black "Fraas,M"]
[Result "1-0"]
[WhiteElo "2359"]
[BlackElo "2164"]

1.d4 Nf6 2.c4 e6 3.Nc3 Bb4 4.f3 O-O 5.a3 Bxc3+ 6.bxc3 d5 7.cxd5 exd5 8.e3 c5
9.Bd3 Nc6 10.Ne2 b6 11.O-O Bb7 12.Re1 Rc8 13.Ng3 Rc7 14.Ra2 Re8 15.Rae2 Na5
16.Kh1 Bc8 17.Bb2 cxd4 18.cxd4 Nc4 19.Qa1 Ba6 20.Bc3 Qc8 21.e4 g6 22.e5 Nd7
23.f4 Na5 24.Bxa6 Qxa6 25.f5 Nb3 26.Qb2 Qc4 27.Re3 Nf8 28.Bb4 Na5 29.Qd2 Nb3
30.Qd1 Nc1 31.Rc3 Qxc3 32.Bxc3 Rxc3 33.Qa4 Rec8 34.Rf1 R3c7 35.Qb5 Rd8 36.Qb2 Rdc8
37.Qd2 Nb3 38.Qf4 Re7 39.Qg5 Rec7 40.h4 Rc1 41.Rxc1 Rxc1+ 42.Kh2 Rd1 43.Nh5 Nd2
44.Nf6+ Kh8 45.Qh6 Nf1+ 46.Kg1  1-0

[Event "25th Liechtenstein Open"]
[Site "Triesen LIE"]
[Date "2007.05.13"]
[Round "3"]
[White "Fox,P"]
[Black "Zenklusen,R"]
[Result "0-1"]
[WhiteElo "1832"]
[BlackElo "2411"]

1.d4 Nf6 2.c4 e6 3.Nc3 Bb4 4.f3 d5 5.a3 Bxc3+ 6.bxc3 c5 7.cxd5 Nxd5 8.dxc5 Qa5
9.e4 Ne7 10.Be3 O-O 11.Qb3 Nec6 12.Bb5 Nd7 13.Ne2 a6 14.Bxc6 bxc6 15.Qb4 Qc7
16.a4 a5 17.Qa3 Ba6 18.Nd4 Ne5 19.Ne2 Rab8 20.Rd1 Nc4 21.Qc1 Nb2 22.Bf4 e5
23.Bg3 Nxd1 24.Qxd1 Rb2 25.Nd4 Qb7  0-1